Score 0/38 Timer 04:00
0 Plays Today
% Correct
Day,
95.7%
Day,
95.7%
day.
95.7%
Day,
95.7%
Day,
95.7%
Whacking
95.7%
Whacking
95.7%
Whacking
95.7%
Whacking
95.7%
Oh,
78%
Oh,
78%
Oh,
78%
Oh,
78%
snake
53.1%
on
48.1%
Our
34.4%
their
33%
their
33%
their
33%
% Correct
We'll
30.5%
we'll
30.5%
out
29%
eyes,
27.6%
may
27.4%
pulverize.
27.1%
skull
26.4%
thee.
26.4%
cracking
26.2%
God
25.2%
gouge
24.8%
His
24.5%
break
23.8%
evil
23.3%
hearts
23.1%
backs,
22.7%
Grace
22.6%
hallowed
22.5%
bestow
20.9%
Remove Ads.
Support Sporcle.
Get the best of Sporcle when you Go Orange. This ad-free experience offers more features, more stats, and more fun while also helping to support Sporcle. Thank you for becoming a member.

You're not logged in!

Compare scores with friends on all Sporcle quizzes.
OR
Log In

Sporcle TV

Today on Sporcle TV


Watch our educational content, quiz creation guides, and fun videos on Sporcle TV.

Show Comments

Extras

Top Quizzes Today


Score Distribution

Paid Content

Your Account Isn't Verified!

In order to create a playlist on Sporcle, you need to verify the email address you used during registration. Go to your Sporcle Settings to finish the process.

Report this User

Report this user for behavior that violates our Community Guidelines.

Details: